[Event "La Balanguera Nadal op"]
[Site "La Balanguera"]
[Date "2021.12.10"]
[Round "1"]
[White "Damians Janes, Jordi"]
[Black "Di Paolo, Vittorio"]
[Result "1-0"]
[WhiteElo "2047"]
[BlackElo "1462"]
[PlyCount "61"]
[EventDate "2021.12.10"]
[EventType "swiss"]
[EventRounds "5"]
[EventCountry "ESP"]
[SourceTitle "EXT 2023"]
[Source "ChessBase"]
[SourceDate "2022.10.05"]
[SourceVersion "1"]
[SourceVersionDate "2022.10.05"]
[SourceQuality "1"]

1. e4 e6 2. d4 d5 3. e5 c5 4. c3 Nc6 5. Nf3 Qb6 6. Bd3 Bd7 7. dxc5 Bxc5 8. 0-0 Qc7 9. b4 Bb6 10. Qe2 Nge7 11. a4 a6 12. Na3 Ng6 13. Re1 Nce7 14. a5 Ba7 15. h4 Nf5 16. h5 Nge7 17. Bf4 Nc6 18. Bxf5 exf5 19. e6 Qxf4 20. exd7+ Kxd7 21. Qd3 Qd6 22. Qxf5+ Kc7 23. Qxf7+ Qd7 24. Qxd7+ Kxd7 25. Rad1 Kd6 26. Nc4+ Kc7 27. Rxd5 Rad8 28. Red1 Rxd5 29. Rxd5 Rd8 30. Rxd8 Kxd8 31. Ng5 1-0

[Event "Mallorca-chT Preferente"]
[Site "Palma de Mallorca"]
[Date "2020.02.08"]
[Round "2.2"]
[White "Navarrete Terrasa, Sebastian"]
[Black "Damians Janes, Jordi"]
[Result "1-0"]
[WhiteElo "2024"]
[BlackElo "2075"]
[PlyCount "101"]
[EventDate "2020.02.01"]
[EventType "team-tourn"]
[EventRounds "9"]
[EventCountry "ESP"]
[SourceTitle "CBM 195 Extra"]
[Source "ChessBase"]
[SourceDate "2020.05.31"]
[SourceVersion "1"]
[SourceVersionDate "2020.05.31"]
[SourceQuality "1"]
[WhiteTeam "Mestral Palmanyola"]
[BlackTeam "Balanguera"]
[WhiteTeamCountry "ESP"]
[BlackTeamCountry "ESP"]

1. e4 d5 2. exd5 Qxd5 3. Nc3 Qa5 4. d4 Nf6 5. Nf3 Bf5 6. Bd2 c6 7. Ne4 Qc7 8. Nxf6+ gxf6 9. g3 e6 10. Bg2 Nd7 11. 0-0 Bg7 12. c4 0-0 13. Nh4 Bg6 14. Nxg6 hxg6 15. Rc1 f5 16. Bc3 Rfd8 17. Qe2 Nf6 18. Rfd1 Rac8 19. b4 Rd7 20. f4 Rcd8 21. h3 Nh5 22. Qe3 Qb6 23. c5 Qc7 24. Rd2 Kh7 25. Rcd1 Bf6 26. h4 Bg7 27. a4 Nf6 28. Bf3 Nd5 29. Qd3 Bf6 30. Kf2 Kg7 31. b5 Rh8 32. Rb1 Qd8 33. Bxd5 Rxd5 34. bxc6 bxc6 35. Qe3 Qc7 36. a5 Rhd8 37. a6 Qc8 38. Rb7 R8d7 39. Rxd7 Rxd7 40. Qe2 Qd8 41. Ke3 Kf8 42. Qc4 Bg7 43. Qa4 Qc8 44. Rb2 Ke7 45. Rb4 Bf6 46. Qa1 Kf8 47. d5 Bxc3 48. Qxc3 Kg8 49. d6 Kh7 50. Qb2 f6 51. Rb7 1-0

[Event "Mallorca-chT Primera"]
[Site "Palma de Mallorca"]
[Date "2012.03.31"]
[Round "9.3"]
[White "Damians Janes, Jordi"]
[Black "Garcia Verd, Francisco Javier"]
[Result "1-0"]
[WhiteElo "2011"]
[BlackElo "1973"]
[PlyCount "77"]
[EventDate "2012.01.28"]
[EventType "team"]
[EventRounds "9"]
[EventCountry "ESP"]
[SourceTitle "EXT 2014"]
[Source "ChessBase"]
[SourceDate "2013.11.20"]
[SourceVersion "1"]
[SourceVersionDate "2013.11.20"]
[SourceQuality "1"]

1. e4 e6 2. d4 c6 3. Bd3 d5 4. e5 Ne7 5. f4 c5 6. c3 Nec6 7. Nf3 b6 8. 0-0 Ba6 9. Bxa6 Nxa6 10. Qa4 Nab8 11. Be3 Qd7 12. Nbd2 Nxe5 13. Qc2 Ng4 14. Rae1 Nc6 15. f5 e5 16. Nxe5 Ngxe5 17. Bf4 f6 18. dxe5 fxe5 19. Bxe5 0-0-0 20. Nf3 Bd6 21. Bxd6 Qxd6 22. Ng5 Rd7 23. b4 h6 24. Ne6 c4 25. b5 Ne5 26. a4 Nd3 27. Re3 Nc5 28. a5 bxa5 29. Nd4 a4 30. Rfe1 Kb7 31. Kh1 Nb3 32. Re6 Qc5 33. Rc6 Nxd4 34. cxd4 Qxd4 35. Qxa4 Rhd8 36. Qa6+ Kb8 37. b6 Rb7 38. Rb1 Ka8 39. Rc7 1-0

[Event "Mallorca-chB"]
[Site "Palma de Mallorca"]
[Date "2011.12.17"]
[Round "8"]
[White "Damians Janes, Jordi"]
[Black "Navarrete Terrasa, Sebastian"]
[Result "1/2-1/2"]
[WhiteElo "1982"]
[BlackElo "2002"]
[PlyCount "72"]
[EventDate "2011.10.29"]
[EventType "swiss"]
[EventRounds "8"]
[EventCountry "ESP"]
[SourceTitle "EXT 2014"]
[Source "ChessBase"]
[SourceDate "2013.11.20"]
[SourceVersion "1"]
[SourceVersionDate "2013.11.20"]
[SourceQuality "1"]

1. e4 c6 2. Nc3 d5 3. Qf3 dxe4 4. Nxe4 Nd7 5. d4 Ndf6 6. c3 Bg4 7. Qg3 Bf5 8. Nc5 Qb6 9. a4 Ne4 10. Qe5 Nd6 11. a5 Qc7 12. Bf4 e6 13. a6 b6 14. Nb7 Kd7 15. Nf3 Nf6 16. Ng5 Bg6 17. Bd3 Nfe8 18. Bxg6 hxg6 19. Qe3 Ke7 20. Qg3 Rh5 21. Nxd6 Nxd6 22. Bxd6+ Qxd6 23. Qxd6+ Kxd6 24. Nxf7+ Kc7 25. Ne5 Bd6 26. f4 g5 27. fxg5 Rxg5 28. 0-0 Rf5 29. Nc4 Rh8 30. Nxd6 Kxd6 31. Rxf5 exf5 32. Re1 c5 33. Re5 g6 34. h3 cxd4 35. cxd4 Rc8 36. Kf2 Rc2+ 1/2-1/2

[Event "Andorra op 28th"]
[Site "La Massana"]
[Date "2010.07.17"]
[Round "1"]
[White "Damians Janes, Jordi"]
[Black "Delchev, Aleksander"]
[Result "0-1"]
[WhiteElo "2019"]
[BlackElo "2632"]
[PlyCount "60"]
[EventDate "2010.07.17"]
[EventType "swiss"]
[EventRounds "9"]
[EventCountry "AND"]
[SourceTitle "CBM 137 Extra"]
[Source "ChessBase"]
[SourceDate "2010.09.01"]
[SourceVersion "1"]
[SourceVersionDate "2010.09.01"]
[SourceQuality "1"]

1. e4 c5 2. Nc3 e6 3. g3 d5 4. exd5 exd5 5. Bg2 Nf6 6. d3 d4 7. Ne4 Nxe4 8. Bxe4 Bd6 9. Ne2 Nd7 10. 0-0 0-0 11. Nf4 Nf6 12. Bg2 Bg4 13. Qd2 Qd7 14. f3 Bf5 15. Qf2 Rfe8 16. Bd2 h6 17. Rae1 Qa4 18. Bc1 Qxa2 19. g4 Bd7 20. Qh4 Rxe1 21. Rxe1 Re8 22. Rf1 Bxf4 23. Bxf4 Qe6 24. Bg3 Qe3+ 25. Bf2 Qd2 26. h3 Nd5 27. f4 Nxf4 28. Bxb7 Qxc2 29. Be4 Rxe4 30. dxe4 Qxe4 0-1

[Event "ESP-ch 74th"]
[Site "Palma de Mallorca"]
[Date "2009.10.04"]
[Round "9"]
[White "Alvarez Fernandez, Enrique"]
[Black "Damians Janes, Jordi"]
[Result "1-0"]
[WhiteElo "2340"]
[BlackElo "1974"]
[PlyCount "44"]
[EventDate "2009.09.26"]
[EventType "swiss"]
[EventRounds "9"]
[EventCountry "ESP"]
[SourceTitle "CBM 132 Extra"]
[Source "ChessBase"]
[SourceDate "2009.11.03"]
[SourceVersion "1"]
[SourceVersionDate "2009.11.03"]
[SourceQuality "1"]

1. d4 e6 2. Nf3 Nf6 3. c4 d5 4. cxd5 exd5 5. Nc3 c6 6. Bg5 Nbd7 7. e3 Be7 8. Bd3 0-0 9. 0-0 Re8 10. Qc2 Nf8 11. Bxf6 Bxf6 12. b4 Qd6 13. Rab1 Bg4 14. Nd2 Re6 15. Rfc1 Bd8 16. Nf1 Rh6 17. b5 Bc7 18. bxc6 Rxh2 19. f4 Rh5 20. Nb5 Qh6 21. Nxc7 Rh1+ 22. Kf2 Qh4+ 1-0

[Event "ESP-ch 74th"]
[Site "Palma de Mallorca"]
[Date "2009.09.29"]
[Round "4"]
[White "Damians Janes, Jordi"]
[Black "Milian Calatayud, Jose Luis"]
[Result "1-0"]
[WhiteElo "1974"]
[BlackElo "1718"]
[PlyCount "47"]
[EventDate "2009.09.26"]
[EventType "swiss"]
[EventRounds "9"]
[EventCountry "ESP"]
[SourceTitle "CBM 132 Extra"]
[Source "ChessBase"]
[SourceDate "2009.11.03"]
[SourceVersion "1"]
[SourceVersionDate "2009.11.03"]
[SourceQuality "1"]

1. e4 c5 2. Nc3 Nf6 3. g3 d6 4. Bg2 e6 5. d3 Nbd7 6. f4 a6 7. Nf3 Rb8 8. 0-0 Be7 9. h3 b5 10. g4 c4 11. g5 Nh5 12. Kh2 g6 13. f5 exf5 14. exf5 f6 15. Re1 Kf7 16. Nd4 Qc7 17. Nd5 Qc5 18. Rxe7+ Kg8 19. Re8+ Nf8 20. Re7 Qxd4 21. Qxh5 gxh5 22. Nxf6+ Qxf6 23. gxf6 Bxf5 24. Rg7# 1-0